LIBRARY & INFORMATION CENTRE, KCAET, TAVANUR

ONLINE PUBLIC ACCESS CATALOGUE (OPAC)

Pranaya chappallyangal / (Record no. 5236)

MARC details
000 -LEADER
fixed length control field 00397cam a2200157ua 4500
041 ## - LANGUAGE CODE
Language code of text/sound track or separate title mal
082 ## - DEWEY DECIMAL CLASSIFICATION NUMBER
Classification number 894.812308
Item number ZOL/PR
100 ## - MAIN ENTRY--AUTHOR NAME
Personal name Zola, Emilie .
245 ## - TITLE STATEMENT
Title Pranaya chappallyangal /
260 ## - PUBLICATION, DISTRIBUTION, ETC. (IMPRINT)
Place of publication Champakulam :
Name of publisher B.K.M Book Depot ,
Year of publication 1966.
300 ## - PHYSICAL DESCRIPTION
Number of Pages 686 ; .
942 ## - ADDED ENTRY ELEMENTS (KOHA)
Koha item type Books
Holdings
Withdrawn status Lost status Damaged status Home library Current library Date acquired Full call number Accession Number Koha item type Public note
Withdrawn     KAUAET Malayalam University 07/04/2012 894.812308 8740 Books Transferred to Malayalam University
free website counter